Gold in the Answers - Statistics

General Stats
  • This quiz has been taken 87,497 times
    61,832 since last reset
  • The average score is 14 of 22
Answer Stats
Clue Answer % Correct
1st place at the Olympics Gold medal
99%
Don't kill the goose that lays these Golden eggs
96%
San Francisco's most famous bridge Golden Gate
92%
Popular dog breed Golden retriever
92%
Leprechaun's treasure at the end of the rainbow Pot of gold
82%
What King Midas had Golden touch
79%
1849 California event Gold rush
77%
McDonald's logo Golden Arches
76%
Another name for crude oil Black gold
72%
1964 James Bond movie Goldfinger
72%
What a generous person has Heart of gold
65%
Domesticated orange carp Goldfish
64%
Pyrite Fool's gold
59%
1995 James Bond movie GoldenEye
58%
Former name of Ghana Gold Coast
57%
Do unto others as you would have them do unto you Golden Rule
57%
What Jason & the Argonauts sought Golden Fleece
51%
Kanye West song Gold Digger
48%
Executive's severance package Golden parachute
35%
It's approximately 1.618 Golden ratio
31%
Final piece of the Transcontinental Railroad Golden Spike
28%
Francis Drake's globe-circling ship Golden Hind
22%
No matching quizzes found
Score Distribution
Percent of People with Each Score
Percentile by Number Answered
Your Score History
You have not taken this quiz since the last reset